| 000 | 01610nam0a2200289 4500 | ||
|---|---|---|---|
| 001 | RU\NLR\BIBL_A\021983316 | ||
| 005 | 20250625073750.0 | ||
| 021 |
_aRU _bП361-63 |
||
| 035 | _a(NLR Aleph) 021983316 | ||
| 090 |
_a12405424 _c12405424 |
||
| 100 | _a20130416d1963 |||y0rusy50 ca | ||
| 101 | 0 | _arus | |
| 102 | _aRU | ||
| 105 | _ay z ||||| | ||
| 200 | 1 |
_aОсвоение склонов балок под кормовые культуры _fсоставитель: И.В. Бадулин |
|
| 210 |
_aЗапорожье _d1963 |
||
| 225 | 1 |
_aИнформационный бюллетень _fЗапорожская областная сельскохозяйственная опытная станция _v1963, Январь |
|
| 606 | 1 |
_aСклоны балок _xОсвоение |
|
| 606 | 1 |
_aКормовые растения _xАгротехника _92450819 _3RU\NLR\AUTH\661457187 |
|
| 686 | 1 | _aП222-4 | |
| 702 | 1 |
_aБадулин _bИ. В. _gИван Васильевич _4220 |
|
| 712 | 0 | 2 |
_aЗапорожская областная сельскохозяйственная опытная станция _aВсемирная организация здравоохранения _bКомитет экспертов по биологии переносчиков и борьбе с ними022335645 71200 L _aЛитографская мастерская И. П. Беггрова _cСанкт-Петербург _4475022147906 71102 L |
| 801 | 0 |
_aRU _bNLR _gpsbo |
|
| 852 |
_aNLR _jП49/1014 (1963, Январь) |
||
| 942 | _cBOOK | ||
| 980 | _aNB | ||